有型的豬小姐
| 資料類型: | 圖書 | 書目號: | 53000 |
Leader xxxxxxxxxx 001 __ 102586/5/01 005 __ 20190417142313.168 010 0_ |a978-986-96892-5-0|b平裝|d新臺幣380元 042 __ |anbim 100 __ |a20190417d2018 k y0chiy50 e 101 0_ |achi 102 __ |atw 105 __ |ay z 000cy 200 1_ |a有型的豬小姐|f李維菁著 205 __ |a初版 210 __ |a臺北市|c新經典圖文傳播|d2018[民107] 215 0_ |a311面|d21公分 225 12 |a文學森林|vLF0103 700 _1 |a李|b維菁|4著 681 __ |a855|b8465 801 _0 |atw|bLibDipper|c20190417|gCCR |